000
00339nam a2200145Ia 4500
008
191201s2011 xx 000 0 und d
082
_a
005.43
_b
MIO
100
_a
MILENKOVIC, Milon
245
0
_a
Operating System Concepts & Design
250
_a
Rep
260
_a
N. Delhi
_b
TMH
_c
2011
300
_a
755
650
_a
MCA
942
_2
ddc
_c
BK
999
_c
5015
_d
5015